MANUAL DE ENFERMERIA PEDIATRICA (Registro nro. 18360)
[ vista simple ]
| 000 -LEADER | |
|---|---|
| fixed length control field | 00836nam a2200181 a 4500 |
| 001 - CONTROL NUMBER | |
| control field | 18360 |
| 005 - DATE AND TIME OF LATEST TRANSACTION | |
| control field | 20180713211632.0 |
| 008 - FIXED-LENGTH DATA ELEMENTS--GENERAL INFORMATION | |
| fixed length control field | 140415s1989 mx 000 0 spa d |
| 020 ## - INTERNATIONAL STANDARD BOOK NUMBER | |
| International Standard Book Number | 9682513340 |
| 041 ## - LANGUAGE CODE | |
| Language code of text/sound track or separate title | spa |
| 082 ## - DEWEY DECIMAL CLASSIFICATION NUMBER | |
| Classification number | 610.7362 |
| Item number | MAN |
| 245 00 - TITLE STATEMENT | |
| Title | MANUAL DE ENFERMERIA PEDIATRICA |
| 250 ## - EDITION STATEMENT | |
| Edition statement | 1a ed. |
| 260 ## - PUBLICATION, DISTRIBUTION, ETC. | |
| Place of publication, distribution, etc. | MEXICO : |
| Name of publisher, distributor, etc. | INTERAMERICANA MC GRAW HILL, |
| Date of publication, distribution, etc. | 1989 |
| 300 ## - PHYSICAL DESCRIPTION | |
| Extent | 482 |
| Dimensions | x 16 x 23 |
| 520 ## - SUMMARY, ETC. | |
| Summary, etc. | ESTE LIBRO ESTA ORGANIZADO EN FORMA LÓGICA PARA LA PLANEACIÓN DE LOS CUIDADOS DE ENFERMERÍA. LA ENFERMERA UTILIZA CONOCIMIENTOS SOBRE EL NIVEL DE DESARRROLLO DEL NIÑO COMO INDIVIDUO. HACE PLANES PARA PONER EN PRÁCTICA SOBRE CUIDADOS DE ENFERMERÍA EN OCASIÓN DEL IMPACTO QUE EJERCEN LOS FACTORES CAUSANTES DEL STRESS TANTO EN EL NIÑO CÓMO EN SU FAMILIA, ETC |
| 650 14 - SUBJECT ADDED ENTRY--TOPICAL TERM | |
| Topical term or geographic name entry element | ENFERMERIA PEDIATRICA |
| Withdrawn status | Lost status | Source of classification or shelving scheme | Damaged status | Not for loan | Collection code | Home library | Current library | Shelving location | Date acquired | Source of acquisition | Inventory number | Total Checkouts | Full call number | Barcode | Date last seen | Date last checked out | Price effective from | Koha item type |
|---|---|---|---|---|---|---|---|---|---|---|---|---|---|---|---|---|---|---|
| Dewey Decimal Classification | General | Biblioteca Karol Wojtyla | Biblioteca Karol Wojtyla | Sala general | 03/12/2013 | Compra | 151000000000000000010577 | 610.7362 MAN | 37632 | 05/01/2026 | 03/02/2015 | 03/12/2013 | Libro |